000 01064nam a2200313 a 4500
001 000116220
003 CHAP
005 20220329144606.0
008 191009s2013 mx |r| ||||||spa d
010 _a112681
011 _a113653
020 _a9786074510669
040 _cCHAP
082 0 4 _a509.098
_bF72
245 0 3 _aLa Formación internacional de los científicos en América Latina :
_bdebates recientes /
_ccoordinado por Sylvie Didou Aupetit.
260 _aMéxico, D.F. :
_bANUIES,
_c2013.
300 _a220 p.
490 _aBiblioteca de la educación superior
_pInvestigaciones
590 _aE11695DGD
_b10
_c20191015
_lUCH01
_h1036
590 _aE5765TAJ
_b05
_c20191009
_lUCH01
_h0949
650 1 4 _aCientíficos
_zAmérica Latina.
_9136945
650 1 4 _aEducación internacional
_xAmérica Latina.
_935577
650 1 4 _aFuga de cerebros
_zAmérica Latina.
_9137005
700 0 _aDidou Aupetit, Sylvie
_ecoord.
_932499
830 0 _aBiblioteca de la educación superior
_pInvestigaciones
_9131153
901 _aBK
942 _cLIBRO
942 _n0
999 _c112681
_d112681